000 00293nam a22001217a 4500
008 170302b xxu||||| |||| 00| 0 eng d
041 _aeng
080 _a616.073
100 _a6
101 _aSHM
245 _aTHE PHYSICAL ASPECTS OF DIAGNOSTIC RADIOLOGY
_cTER-POGOSSIAN, M.M
942 _2udc
_cBK
999 _c6540
_d6540